000 00542nam a2200205Ia 4500
003 OSt
005 20250307144321.0
008 210210b1969 xxu||||| |||| 00| 0 eng d
040 _cAL
041 _ahin
082 _aH891.2 VIRS
100 _aVIRAJ
_9204870
110 _aवीराज
_9204872
245 _aSamrat Vikramadity:
_bसम्राट विक्रमादित्य
260 _aDilli
_bNational Publishing House
_c1969
300 _a130
690 _aHindi Drama
_9204871
906 _a033788
942 _2ddc
_cBK
999 _c84622
_d84622